00514nam a2200193 a 4500001001300000003000900013005001700022008004100039020001000080082001300090100001900103245006100122260004000183300000900223500003500232505001700267650001700284700001900301nice12345678IN_TiNIC20260116011838.0050524s1959 edia grp 000 0 eng  ac10000a260bMUD aMudge, Lewis S aIn His Serviceb the Servant Lord and His Servant People aEdinburghbSaint Andrew Pressc1959 a176p aincludes index and biblioraphy2 abibliography aDiscipleship1 aMudge, Lewis S